000 00510nam a22001697a 4500
003 LK-CoMWRAF
005 20231006121653.0
008 230922b |||||||| |||| 00| 0 eng d
040 _aLK-CoMWRAF
_dLK-CoMWRAF
_eLK-CoMWRAF
082 _a297.8
_bBAZ
100 _aBaz, Sheikh Abdul Aziz bin Abdullah bin
245 _aThe Protection of the Tawhid :
_bMaking worship pure for Allah and the acts that Nullify ones's faith
300 _a95p
650 _aIslam-Monotheism
650 _aIslam Tawhid
942 _cBK
999 _c3607
_d3607